Associe les villes et les pays du monde (moyen) - Statistiques

Statistiques générales
  • Ce quiz a été pris 99 fois
  • Le résultat moyen est 14 sur 20
Statistiques - réponses
Ville Pays % Correct
Brazzaville République du Congo
97%
La Havane Cuba
94%
Göteborg Suède
93%
Leeds Royaume-Uni
90%
Taipei Taiwan
90%
Tirana Albanie
89%
Saragosse Espagne
88%
Utrecht Pays-Bas
88%
Milwaukee États-Unis
87%
Thessalonique Grèce
87%
Izmir Turquie
87%
Alexandrie Égypte
86%
Nairobi Kenya
86%
Bamako Mali
86%
Nicosie Chypre
85%
Jacksonville États-Unis
85%
Bari Italie
84%
Denver États-Unis
83%
Oran Algérie
82%
Fès Maroc
82%
Addis-Abeba Éthiopie
79%
Oulan-Bator Mongolie
79%
Katmandou Népal
79%
Tripoli Libye
77%
Khartoum Soudan
76%
Charleroi Belgique
74%
Asuncion Paraguay
73%
Belo Horizonte Brésil
72%
Bangalore Inde
72%
Ventiane Laos
71%
Wrocław Pologne
71%
Astana Kazakhstan
70%
Graz Autriche
69%
Sapporo Japon
68%
Monterrey Mexique
68%
Alep Syrie
68%
Port-au-Prince Haïti
67%
Chișinău Moldavie
67%
Dacca Bangladesh
64%
Darwin Australie
56%
Bergen Norvège
55%
Cluj-Napoca Roumanie
54%
Saint-Domingue République dominicaine
50%
Busan Corée du Sud
48%
Cali Colombie
44%
Surabaya Indonésie
41%
Cordoba Argentine
37%
Concepcion Chili
37%
Hyderabad Inde
37%
Coimbra Portugal
37%
Salvador Brésil
35%
Cairns Australie
33%
Coblence Allemagne
27%
Oufa Russie
24%
Abidjan Côte d'Ivooire
0%
Aucun quiz correspondant
Distribution des résultats
% des personnes avec chaque résultat
Percentile par nombre de réponses
Votre historique - résultats
Vous n’avez pas pris ce quiz